000 00744nam a22001817a 4500
999 _c59495
_d59495
003 Ge_BSU
005 20230301111617.0
008 230301r1983 ge ||||| |||| 00| 0 geo d
041 _ageo
080 _a655.522 ბ-25
100 _aბარაბაძე, ვისვალდ
_917083
245 _aლიტერატურული ნაწარმოების საავტორო ჰონორარი /
_cვ.მ. ბარაბაძე.
264 _aთბილისი :
_bსაბჭ. საქართველო,
_c1983.
300 _a127 გვ. ;
_b16 სმ.
504 _aბიბლიოგრ.: გვ. 124.
653 _aსაავტორო ჰონორარები
942 _2udc
_cBK